Gares sur la ligne d'Orléans à Toulouse - Statistiques

Statistiques générales
  • Ce quiz a été pris 44 fois
  • Le résultat moyen est 12 sur 53
Statistiques - réponses
Département Gare % Correct
Orléans
90%
Toulouse-Matabiau
72%
Vierzon
67%
Châteauroux
59%
Cahors
54%
Brive-la-Gaillarde
44%
La Souterraine
36%
Limoges-Bénédictins
36%
Argenton-sur-Creuse
33%
La Ferté-Saint-Aubin
33%
Lamotte-Beuvron
33%
Montauban-Ville-Bourbon
33%
Salbris
33%
Nouan-le-Fuzelier
28%
Issoudun
26%
Saint-Cyr-en-Val - La Source
26%
Uzerche
23%
Saint-Jory
21%
Theillay
21%
Castelnau-d'Estrétefonds
18%
Gourdon
18%
Souillac
18%
Ambazac
15%
Caussade
15%
Indre (36) Eguzon
15%
Grisolles
15%
Lacourtensourt
15%
Creuse (23) Saint-Sébastien
15%
Saint-Sulpice-Laurière
15%
Albias
13%
Chabenet
13%
Dégagnac
13%
Dieupentale
13%
Lalbenque - Fontanes
13%
Lothiers
13%
Luant
13%
Montbartier
13%
Neuvy-Pailloux
13%
Pierre-Buffière
13%
Reuilly
13%
Sainte-Lizaigne
13%
Allassac
10%
Bersac
10%
Fromental
10%
Gignac - Cressensac
10%
La Jonchère
10%
La Porcherie
10%
Les Bardys
10%
Magnac - Vicq
10%
Masseret
10%
Saint-Germain-les-Belles
10%
Solignac - Le Vigen
10%
Vigeois
10%
Aucun quiz correspondant
Distribution des résultats
% des personnes avec chaque résultat
Percentile par nombre de réponses
Votre historique - résultats
Vous n’avez pas pris ce quiz